01806njm a2200265Ia 4500001000600000003000900006005001700015008004100032040001300073040001300086100001100099100001800110100003800128245002800166250001100194260001100205260003800216300001700254300003000271500001700301505104400318511006601362650005201428700006001480L1493IT-RoPAU20220918181155.0131025s9999 xx 000 0 und d aIT-RoPAU cIT-RoPAU aAA.VV. eAutore musica gCodice autore musica SPICS: 12000 aRay Charles: Hard Times a1a ed. aMILANO bHACHETTE RUSCONIc2005 [1a Ed.:0] aCOMPACT DISC c68 minuti (Testo: 0 pag.) aMusica jazz. aThe Sun' Gonna Shine Again (R. Charles, 2:40) - Roll With My Baby (R. Charles, 2:37) - The Midnight Hour (S. Sweet, 3:01) - Jumpin' In the Morning (R. Charles, New York settembre 1952, 2:47) - It Shoud Have Been Me (M. Curtis, 2:44) - Losing Hand (C. Calhoun, 3:13) - Heartbreaker (Nugetre, 2:52) - Sinner's Prayer (L. Glenn, L. Fulson, 3:24) - Messs Around (Nugetre, 2:41) - Funny But I Still Love You (R. Charles, New York maggio 1953, 3:14) - Fellin' Sad (E. Jones, 2:50) - I Wonder Who (R. Charles, New Orleans agosto 1953, 2:49) - Don't Youknow (R. Charles, 2:57) - Nobody Cares (R. Charles, 2:40) - Ray's Blues (R. Charles, 2:55) - Mr. Charles Clues (R. Charles, New Orleans dicembre 1953, 2:48) - Blackjack (R. Charles, 2:20) - I Got A Woman (R. Charles, R. Richard, 2:52) - Greenbacks (R. Charles, 2:51) - Come Back Baby (R. Charles, Atlanta novembre 1954, 3:06) - A Foolfor You (R. Charles, 3:02) - This Little Girl of Mine (R. Charles, 2:32) - Hard Times (R. Charles, 2:56) - A Bit of Soul (R. Charles, Miami aprile 1955, 2:18'). aD. McRae, F. Mitchell, P. Williams, M. Baker, L. Trotman, ... aJAZZ [COMPACT DISC]eCodice MATERIA SPICS: 9949 aCharles RaygCodice interprete SPICS: 13097eInterprete